| 000 | 004430000a22001810004500 | ||
|---|---|---|---|
| 003 | MACL | ||
| 005 | 20150711133344.0 | ||
| 008 | 150711b xxu||||| |||| 00| 0 eng d | ||
| 040 |
_aMACL _cMACL |
||
| 041 | _aEnglish | ||
| 082 | _a320/MOS | ||
| 100 |
_aClark, Fiona C. _91734 |
||
| 245 | _aVictims Perpetrators Or Actors? | ||
| 260 |
_bZed Books _c2001 _aNew Delhi |
||
| 350 | _a295 | ||
| 650 |
_aPolitical Science _988 |
||
| 942 |
_cBK _k320 _2ddc |
||
| 999 |
_c8437 _d8437 |
||